The politics of everyday life in Gĩkũyũ popular music of Kenya (1990-2000) / (Record no. 2073)

000 -LEADER
fixed length control field 01165cam a22003134i 4500
001 - CONTROL NUMBER
control field 17995512
003 - CONTROL NUMBER IDENTIFIER
control field OSt
005 - DATE AND TIME OF LATEST TRANSACTION
control field 20160323104030.0
008 - FIXED-LENGTH DATA ELEMENTS--GENERAL INFORMATION
fixed length control field 140113s2013 ke a b 000 0 eng
010 ## - LIBRARY OF CONGRESS CONTROL NUMBER
LC control number 2013441426
020 ## - INTERNATIONAL STANDARD BOOK NUMBER
International Standard Book Number 9789966028440
040 ## - CATALOGING SOURCE
Original cataloging agency DLC
Language of cataloging eng
Transcribing agency DLC
Description conventions rda
Modifying agency DLC
042 ## - AUTHENTICATION CODE
Authentication code lcode
-- pcc
043 ## - GEOGRAPHIC AREA CODE
Geographic area code f-ke---
050 00 - LIBRARY OF CONGRESS CALL NUMBER
Classification number ML3503.M35 2013
100 0# - MAIN ENTRY--PERSONAL NAME
Personal name Maina wa Mũtonya.
245 14 - TITLE STATEMENT
Title The politics of everyday life in Gĩkũyũ popular music of Kenya (1990-2000) /
Statement of responsibility, etc Maina wa Mũtonya.
260 ## - PUBLICATION, DISTRIBUTION, ETC. (IMPRINT)
Place of publication, distribution, etc Nairobi
Name of publisher, distributor, etc Twaweza Communications
Date of publication, distribution, etc 2013
300 ## - PHYSICAL DESCRIPTION
Extent xii, 172 pages :
Other physical details illustrations ;
Dimensions 21 cm
504 ## - BIBLIOGRAPHY, ETC. NOTE
Bibliography, etc Includes bilbiographical references (pages 155-172).
650 #0 - SUBJECT ADDED ENTRY--TOPICAL TERM
Topical term or geographic name as entry element Kikuyu (African people)
General subdivision Music
-- History and criticism.
650 #0 - SUBJECT ADDED ENTRY--TOPICAL TERM
Topical term or geographic name as entry element Popular music
Geographic subdivision Kenya
Chronological subdivision 1991-2000.
650 #0 - SUBJECT ADDED ENTRY--TOPICAL TERM
Topical term or geographic name as entry element Popular music
General subdivision Political aspects
Geographic subdivision Kenya.
650 #0 - SUBJECT ADDED ENTRY--TOPICAL TERM
Topical term or geographic name as entry element Kikuyu (African people)
General subdivision Social life and customs.
856 41 - ELECTRONIC LOCATION AND ACCESS
Materials specified Table of contents only
Uniform Resource Identifier <a href="http://www.loc.gov/catdir/toc/fy16pdf01/2013441426.html">http://www.loc.gov/catdir/toc/fy16pdf01/2013441426.html</a>
906 ## - LOCAL DATA ELEMENT F, LDF (RLIN)
a 7
b cbc
c origode
d 3
e ncip
f 20
g y-gencatlg
942 ## - ADDED ENTRY ELEMENTS (KOHA)
Source of classification or shelving scheme
Koha item type Book
Holdings
Withdrawn status Lost status Source of classification or shelving scheme Damaged status Not for loan Home library Current library Shelving location Date acquired Total Checkouts Full call number Barcode Date last seen Copy number Price effective from Koha item type
          Riara University Library Riara University Library General stack 23/03/2016   ML3503.M35 2013 6575/15 23/03/2016 C.1 23/03/2016 Book
          Riara University Library Riara University Library General stack 23/03/2016   ML3503.M35 2013 6576/15 23/03/2016 C.2 23/03/2016 Book
          Riara University Library Riara University Library General stack 23/03/2016   ML3503.M35 2013 6577/15 23/03/2016 C.3 23/03/2016 Book

Riara University Library,
P.O. Box 49940-00100,
Nairobi, Kenya.